000 00444nam a2200133 i 4500
001 27253
003 ES-MaACL
007 t|
008 030114s1893 pr ||||1| spa d
110 2 _aAsociación de Agricultores de Puerto Rico.
_91551
245 1 0 _aActa de la Junta General celebrada en 31 de julio de 1893 /
_cAsociación de Agricultores de Puerto Rico.
260 _aPuerto Rico :
_b[s.n.,
_c1893] (
_fAcosta)
852 _aES-MaACL
_jT-677-F-6
999 _c27253
_d27253